| 000 | 01096nam a22002537a 4500 | ||
|---|---|---|---|
| 005 | 20170124103159.0 | ||
| 010 | _aB-078994 | ||
| 020 | _c250.00 | ||
| 035 | _aB-078994 | ||
| 037 | _bCen Lib/Ret | ||
| 040 |
_aDPL _bHN |
||
| 082 |
_a613.7 _bगोयल |
||
| 100 |
_aगोयल, बृज भूषण _94584 |
||
| 245 |
_aप्राकृतिक स्वास्थ्य एवं योग / _cबृज भूषण गोयल |
||
| 246 |
_aPrakriritk swasthya evam yog / _bby Brij Bhoshan Goyal |
||
| 260 |
_aदिल्ली _bआल इंडिया नेचर क्योर फेडरेशन _c2003 |
||
| 270 |
_bदिल्ली _aBM-7, (वेस्त) शालीमार बाग _e110088 |
||
| 300 |
_a400पृ. : _c20सेमी(सजिल्द ) _bसचित्र |
||
| 650 |
_aरोगों का उपचार _x _z _990895 |
||
| 650 |
_aसंतुलित भोजन _9147 |
||
| 650 |
_aTreatment of Diseases _990896 |
||
| 650 |
_aBalanced diet _990897 |
||
| 942 |
_2ddc _cHN _h613.7 _mगोयल |
||
| 999 |
_c120530 _d120530 |
||